|
|
|
|
| LEADER |
00745nab a2200217 i 4500 |
| 001 |
publ27283 |
| 005 |
20230525081936.0 |
| 008 |
230525s2015 hu o 0|| Magyar d |
| 022 |
|
|
|a 0030-6002
|
| 024 |
7 |
|
|a 10.1556/OH.2015.30093
|2 doi
|
| 024 |
7 |
|
|a 2841713
|2 mtmt
|
| 040 |
|
|
|a SZTE Publicatio Repozitórium
|b hun
|
| 041 |
|
|
|a Magyar
|
| 100 |
1 |
|
|a Hegyi Péter
|
| 245 |
1 |
0 |
|a Szerkesztői kommentár
|h [elektronikus dokumentum] /
|c Hegyi Péter
|
| 260 |
|
|
|c 2015
|
| 300 |
|
|
|a 243-243
|
| 490 |
0 |
|
|a ORVOSI HETILAP
|v 156 No. 7
|
| 650 |
|
4 |
|a Klinikai orvostan
|
| 856 |
4 |
0 |
|u http://publicatio.bibl.u-szeged.hu/27283/1/Hegyi.pdf
|z Dokumentum-elérés
|
| 856 |
4 |
0 |
|u http://publicatio.bibl.u-szeged.hu/27283/3/2841713_c%C3%ADmlap_tartalom.pdf
|z Dokumentum-elérés
|